000
00340nam a2200145Ia 4500
005
20251222141838.0
008
251222s9999||||xx |||||||||||||| ||spa||
020
_a
9788496381872
082
_a
REF.610/C78
100
_a
Corbera, Enric
245
0
_a
Biodescodificación:
250
_a
1ra. ed.
264
_b
Ediciones Índigo
942
_c
LIB
999
_c
7342
_d
7342